[Event "21st Hoogeveen op"]
[Site "Hoogeveen NED"]
[Date "2017.10.26"]
[Round "7.14"]
[White "Van Dael, Siem"]
[Black "Heemskerk, Wim"]
[Result "0-1"]
[WhiteElo "2286"]
[BlackElo "2179"]
[EventDate "2017.10.21"]
[PlyCount "72"]

1.e4 e6 2.d4 d5 3.Nc3 Bb4 4.e5 c5 5.a3 Bxc3+ 6.bxc3 Qa5 7.Bd2 Qa4 8.Qg4 g6
9.Ra2 Nc6 10.Nf3 c4 11.h4 Qb5 12.Ra1 Qb2 13.Rc1 h5 14.Qf4 Nce7 15.Ng5 Nf5 
16.f3 Bd7 17.g4 Nfh6 18.Rg1 hxg4 19.fxg4 Qxa3 20.Bh3 O-O-O 21.Ke2 Qb2 22.
Be1 b5 23.Kd2 Ne7 24.Bf2 b4 25.cxb4 c3+ 26.Kd1 Nc6 27.Rg3 Nxb4 28.Nf3 Na2 
29.Be3 Bb5 30.Ne1 Kb8 31.g5 Nf5 32.Bxf5 gxf5 33.g6 fxg6 34.Rxg6 Rde8 35.
Qg5 Nxc1 36.Bxc1 Qb4 0-1

[Event "21st Hoogeveen op"]
[Site "Hoogeveen NED"]
[Date "2017.10.26"]
[Round "7.15"]
[White "Colbow, Collin"]
[Black "Hilwerda, Jonas"]
[Result "1-0"]
[WhiteElo "1945"]
[BlackElo "2216"]
[EventDate "2017.10.21"]
[PlyCount "155"]

1.e4 e5 2.Nf3 Nc6 3.Bc4 Nf6 4.d3 Be7 5.a4 d5 6.exd5 Nxd5 7.O-O O-O 8.Re1 
Bg4 9.Nbd2 f6 10.h3 Bh5 11.c3 Kh8 12.Ne4 Nb6 13.Bb3 a5 14.Bc2 Qd7 15.Ng3 
Bg6 16.Nh4 f5 17.Nxg6+ hxg6 18.f4 Bh4 19.Ne2 Bxe1 20.Qxe1 Qe7 21.Qg3 Nd7 
22.fxe5 Ncxe5 23.d4 Qf6 24.dxe5 Nxe5 25.Bg5 Qb6+ 26.Nd4 Nf7 27.Rb1 Rae8 
28.Qh4+ Kg8 29.Be7 g5 30.Bxg5 Re5 31.Kh1 Nxg5 32.Qxg5 Qh6 33.Qxh6 gxh6 34.
Rf1 f4 35.Kg1 Kg7 36.Kf2 Rd8 37.Re1 Rxe1 38.Kxe1 Kf6 39.Ke2 Ke5 40.Nf3+ 
Kf6 41.Nd2 b6 42.Ne4+ Ke5 43.Kf3 Rd7 44.Ke2 Rg7 45.Kf2 Rd7 46.b3 Rd8 47.
Kf3 Rd7 48.Nf2 Rd2 49.Bh7 Rd7 50.Nd3+ Kf6 51.Be4 Kg5 52.Nxf4 h5 53.g4 
hxg4+ 54.hxg4 Kf6 55.Bf5 Rd1 56.Ne6 Rc1 57.c4 Rc3+ 58.Kf4 Rxb3 59.Nxc7 Rb2
60.Bd7 Ke7 61.Bb5 Rf2+ 62.Kg3 Rf1 63.Nd5+ Kd6 64.c5+ Kxd5 65.Bxf1 bxc5 66.
g5 Kd4 67.g6 Kc3 68.g7 Kb4 69.g8=Q Kxa4 70.Qc4+ Ka3 71.Qxc5+ Ka4 72.Qb5+ 
Ka3 73.Qxa5+ Kb2 74.Qb4+ Kc2 75.Be2 Kc1 76.Bd3 Kd1 77.Qb2 Ke1 78.Qc1# 1-0

[Event "21st Hoogeveen op"]
[Site "Hoogeveen NED"]
[Date "2017.10.26"]
[Round "7.16"]
[White "Warakomska, Anna"]
[Black "Hoffman, Ron"]
[Result "1/2-1/2"]
[WhiteElo "2295"]
[BlackElo "2038"]
[EventDate "2017.10.21"]
[PlyCount "46"]

1.e4 c5 2.Nf3 g6 3.d4 cxd4 4.Qxd4 Nf6 5.Nc3 Nc6 6.Qa4 d6 7.e5 dxe5 8.Nxe5 
Bd7 9.Nxd7 Nxd7 10.Be3 Nb6 11.Qb3 Bg7 12.Rd1 Qc8 13.Be2 O-O 14.Nd5 Nxd5 
15.Rxd5 Rd8 16.Rxd8+ Qxd8 17.Qxb7 Nd4 18.Bxd4 Bxd4 19.c3 Rb8 20.Qe4 Bf6 
21.Qc2 Qa5 22.b4 Qa3 23.O-O Bxc3 1/2-1/2

[Event "21st Hoogeveen op"]
[Site "Hoogeveen NED"]
[Date "2017.10.26"]
[Round "7.17"]
[White "Damen, Jip"]
[Black "Paszewski, Mateusz"]
[Result "1/2-1/2"]
[WhiteElo "2016"]
[BlackElo "2289"]
[EventDate "2017.10.21"]
[PlyCount "98"]

1.e4 c5 2.Nc3 Nc6 3.Bb5 Nd4 4.Nf3 a6 5.Bd3 Nc6 6.O-O d6 7.Bc4 e6 8.a4 Qb6 
9.Ne2 Nf6 10.Ng3 Be7 11.Bb3 O-O 12.c3 Na5 13.Bc2 c4 14.d4 cxd3 15.Bxd3 Nc6
16.Qe2 Bd7 17.Be3 Qc7 18.Bc2 Rfe8 19.Rad1 Rac8 20.Nd4 Nxd4 21.Bxd4 e5 22.
Be3 Bg4 23.f3 Be6 24.Rd2 d5 25.exd5 Nxd5 26.Rxd5 Bxd5 27.Qd3 Bc5 28.Qxh7+ 
Kf8 29.Qh8+ Ke7 30.Nf5+ Kd7 31.Qxg7 Rg8 32.Qh6 Rcd8 33.Qh3 Be6 34.Qh4 
Bxe3+ 35.Nxe3 Qc5 36.Qe4 Kc7 37.Rf2 f5 38.Nxf5 Bxf5 39.Qxf5 Rd2 40.Qh7+ 
Kb6 41.Qh6+ Rd6 42.Qh4 Rgd8 43.Qb4+ Qxb4 44.cxb4 Rd2 45.Be4 Rxf2 46.Kxf2 
Rd2+ 47.Kg1 Rd1+ 48.Kf2 Rd2+ 49.Kg1 Rd1+ 1/2-1/2

[Event "21st Hoogeveen op"]
[Site "Hoogeveen NED"]
[Date "2017.10.26"]
[Round "7.18"]
[White "Klapwijk, Bram"]
[Black "Taams, Sander"]
[Result "1-0"]
[WhiteElo "2211"]
[BlackElo "1954"]
[EventDate "2017.10.21"]
[PlyCount "99"]

1.d4 Nf6 2.c4 g6 3.Nc3 Bg7 4.e4 d6 5.f3 O-O 6.Be3 c5 7.Nge2 Nc6 8.d5 Ne5 
9.Ng3 e6 10.Be2 exd5 11.cxd5 a6 12.a4 Rb8 13.O-O b5 14.axb5 axb5 15.Nxb5 
c4 16.Nd4 Rxb2 17.Qc1 Rb7 18.h3 Rc7 19.Qa3 Ne8 20.f4 Nd3 21.Bxd3 cxd3 22.
Qxd3 Qh4 23.Nge2 f5 24.exf5 Rxf5 25.Ra8 Rf8 26.f5 Bb7 27.Ra5 Bxd4 28.Nxd4 
Ng7 29.Ne6 Nxe6 30.fxe6 Rxf1+ 31.Qxf1 Qe7 32.Bh6 Rc8 33.Ra7 Ra8 34.Qf7+ 
Qxf7 35.exf7+ Kxf7 36.Rxb7+ Kf6 37.Bf4 Ra5 38.Rxh7 Rxd5 39.h4 Kf5 40.g3 
Rd1+ 41.Kf2 d5 42.Rf7+ Kg4 43.Rf6 Kh5 44.Rd6 Rd4 45.Ke2 Re4+ 46.Kf3 Rd4 
47.g4+ Kxh4 48.Rxg6 Rd3+ 49.Be3 d4 50.Rh6# 1-0

[Event "21st Hoogeveen op"]
[Site "Hoogeveen NED"]
[Date "2017.10.26"]
[Round "7.19"]
[White "Vistisen, Lars"]
[Black "Balje, Jan"]
[Result "1/2-1/2"]
[WhiteElo "2073"]
[BlackElo "2191"]
[EventDate "2017.10.21"]
[PlyCount "49"]

1.e4 c6 2.Nf3 d5 3.Nc3 Nf6 4.e5 Ne4 5.Be2 Nxc3 6.dxc3 Bg4 7.Qd4 Bf5 8.Bf4 
e6 9.Qd2 Be7 10.h4 c5 11.Bg5 Nc6 12.Rc1 f6 13.Bf4 O-O 14.Bd3 fxe5 15.Nxe5 
Nxe5 16.Bxe5 Bxh4 17.g3 Bf6 18.Bxf5 exf5 19.Bxf6 Qxf6 20.Qxd5+ Kh8 21.Qf3 
f4 22.g4 Rad8 23.Kf1 Rfe8 24.Kg2 b6 25.Rcd1 1/2-1/2

[Event "21st Hoogeveen op"]
[Site "Hoogeveen NED"]
[Date "2017.10.26"]
[Round "7.20"]
[White "Knight, David"]
[Black "Sparenberg, Erik"]
[Result "0-1"]
[WhiteElo "1926"]
[BlackElo "2175"]
[EventDate "2017.10.21"]
[PlyCount "86"]

1.e4 c5 2.Nf3 e6 3.d4 cxd4 4.Nxd4 Nc6 5.Nb5 d6 6.Bf4 e5 7.Be3 Nf6 8.Bg5 
Be7 9.Bxf6 gxf6 10.N1c3 a6 11.Na3 b5 12.Nd5 Be6 13.c3 f5 14.exf5 Bxf5 15.
Qf3 Bg6 16.Nxb5 O-O 17.Nbc7 Ra7 18.Nxa6 Qa5 19.Nxe7+ Nxe7 20.Nb4 e4 21.Qd1
e3 22.fxe3 Nf5 23.Nc6 Qb6 24.Nb4 Nxe3 25.Qd4 Qxd4 26.cxd4 Rb7 27.Ke2 Re8 
28.a3 Nc2+ 29.Kf2 Nxa1 30.Ba6 Rxb4 31.axb4 Nc2 32.b5 Rb8 33.Rd1 Kf8 34.g4 
d5 35.Kg3 Ke7 36.Kf4 f6 37.g5 Nb4 38.gxf6+ Kxf6 39.Rd2 Bd3 40.Ke3 Bxb5 41.
Rf2+ Ke6 42.Bxb5 Rxb5 43.Kf3 Nc6 0-1

[Event "21st Hoogeveen op"]
[Site "Hoogeveen NED"]
[Date "2017.10.26"]
[Round "7.21"]
[White "Boer, Alef"]
[Black "Van Foreest, Machteld"]
[Result "0-1"]
[WhiteElo "2107"]
[BlackElo "1829"]
[EventDate "2017.10.21"]
[PlyCount "86"]

1.Nf3 d5 2.g3 c5 3.Bg2 Nf6 4.O-O e6 5.d3 Nc6 6.Nbd2 Bd6 7.e4 O-O 8.Qe2 Bc7
9.c3 b5 10.e5 Nd7 11.d4 Ba6 12.a3 Bb6 13.Qd3 cxd4 14.cxd4 Na5 15.b4 Nc4 
16.Nb3 Rb8 17.Ng5 g6 18.h4 Re8 19.h5 Kg7 20.hxg6 hxg6 21.Bh3 Rc8 22.Kg2 
Bb7 23.f4 Qe7 24.g4 Rf8 25.Nf3 Rh8 26.Ra2 Rcg8 27.Kg3 f5 28.Rh2 Kf8 29.
Rfh1 Qg7 30.Ng5 Ke7 31.gxf5 gxf5 32.Bxf5 exf5 33.Qxf5 Rxh2 34.Qe6+ Kd8 35.
Rxh2 Nf8 36.Qh6 Qxh6 37.Rxh6 Bc8 38.Kf3 Ke8 39.e6 Nd6 40.Nc5 Nf5 41.Rf6 
Nxd4+ 42.Ke3 Bxc5 43.bxc5 Ndxe6 0-1

[Event "21st Hoogeveen op"]
[Site "Hoogeveen NED"]
[Date "2017.10.26"]
[Round "7.22"]
[White "Weihrauch, Jakob"]
[Black "De Jong, Migchiel"]
[Result "1-0"]
[WhiteElo "1901"]
[BlackElo "2352"]
[EventDate "2017.10.21"]
[PlyCount "77"]

1.e4 c5 2.Nf3 e6 3.d4 cxd4 4.Nxd4 a6 5.c4 Nf6 6.Nc3 Bb4 7.Qd3 d6 8.f3 Nbd7
9.a3 Ne5 10.Qc2 Bc5 11.Be3 Bd7 12.Be2 Rc8 13.Qd2 Bb6 14.Nc2 Nxc4 15.Bxc4 
Rxc4 16.Qxd6 Rc6 17.Qd2 O-O 18.Rd1 Qc7 19.Nb4 Bxe3 20.Qxe3 Rc5 21.O-O Rc8 
22.Nd3 Ra5 23.Rc1 Bc6 24.a4 Rh5 25.Nf4 Rh6 26.b4 Qe5 27.g3 Re8 28.Rfd1 Qg5
29.b5 axb5 30.axb5 e5 31.Ng2 Qh5 32.bxc6 Qxh2+ 33.Kf2 Rg6 34.Ne2 Ng4+ 35.
fxg4 Rf6+ 36.Nf4 exf4 37.gxf4 g5 38.f5 h6 39.c7 1-0

[Event "21st Hoogeveen op"]
[Site "Hoogeveen NED"]
[Date "2017.10.26"]
[Round "7.23"]
[White "Uksini, Bardhyl"]
[Black "Roebers, Jan"]
[Result "1-0"]
[WhiteElo "2363"]
[BlackElo "2086"]
[EventDate "2017.10.21"]
[PlyCount "107"]

1.d4 Nf6 2.c4 g6 3.Nc3 Bg7 4.e4 d6 5.f4 O-O 6.Nf3 c5 7.d5 b5 8.cxb5 a6 9.
a4 axb5 10.Bxb5 Ba6 11.Qe2 Bxb5 12.Nxb5 Na6 13.Bd2 Nc7 14.Nxc7 Qxc7 15.Bc3
Nh5 16.g3 Qd7 17.a5 Rfb8 18.O-O Qg4 19.Kf2 Bxc3 20.bxc3 Nf6 21.Ra2 g5 22.
Nxg5 Qxe2+ 23.Kxe2 h6 24.Nf3 Nxe4 25.Kd3 Nf6 26.c4 Rb3+ 27.Kc2 Re3 28.Nd2 
Ne4 29.Nxe4 Rxe4 30.Kd3 Rd4+ 31.Kc3 e6 32.dxe6 fxe6 33.a6 d5 34.cxd5 exd5 
35.Rb1 Re8 36.Rb3 Rc4+ 37.Kb2 Re2+ 38.Ka1 Rc1+ 39.Rb1 Rxb1+ 40.Kxb1 Re8 
41.a7 Ra8 42.Kc2 Kf7 43.g4 Kg6 44.Ra6+ Kg7 45.Kd3 Kh7 46.h4 Kg7 47.f5 Kh7 
48.Ke3 Kg7 49.g5 hxg5 50.hxg5 Kh7 51.Kf4 c4 52.Ke3 Kg7 53.Kd4 Kf7 54.Ra3 
1-0

[Event "21st Hoogeveen op"]
[Site "Hoogeveen NED"]
[Date "2017.10.26"]
[Round "7.24"]
[White "O'Gorman, Tom"]
[Black "Boersma, Jan"]
[Result "1-0"]
[WhiteElo "2240"]
[BlackElo "2057"]
[EventDate "2017.10.21"]
[PlyCount "101"]

1.e4 c5 2.Nf3 g6 3.d4 cxd4 4.Nxd4 Nc6 5.c4 Nf6 6.Nc3 d6 7.Be2 Nxd4 8.Qxd4 
Bg7 9.Be3 O-O 10.Qd2 a5 11.O-O a4 12.Rad1 Qa5 13.Nd5 Qxd2 14.Nxe7+ Kh8 15.
Bxd2 Nxe4 16.Bf3 Nxd2 17.Rxd2 Be6 18.Nd5 Ra5 19.b4 axb3 20.axb3 Ra3 21.Bd1
h5 22.Nc7 Rd8 23.Nb5 Ra6 24.Bf3 Bh6 25.Rdd1 Rb6 26.Bd5 Bxd5 27.Rxd5 Kg8 
28.Rfd1 Bf8 29.h3 Ra8 30.R5d2 Ra5 31.Kh2 h4 32.Kg1 Be7 33.Kf1 d5 34.Rxd5 
Bb4 35.Re5 Ra2 36.Re2 Rba6 37.Nc7 Ra1 38.Re8+ Kg7 39.Rd8 Rxd1+ 40.Rxd1 Ra2
41.Ne8+ Kf8 42.Nf6 Rb2 43.Rd3 Kg7 44.Ng4 Bc5 45.Ne3 Bxe3 46.Rxe3 Kf6 47.g3
hxg3 48.Rxg3 g5 49.Re3 Kg6 50.Kg2 f5 51.Re6+ 1-0

[Event "21st Hoogeveen op"]
[Site "Hoogeveen NED"]
[Date "2017.10.26"]
[Round "7.25"]
[White "Hendriks, Richard V"]
[Black "Clemens, Adrian HP"]
[Result "1/2-1/2"]
[WhiteElo "2087"]
[BlackElo "2198"]
[EventDate "2017.10.21"]
[PlyCount "85"]

1.e4 c5 2.Nf3 e6 3.d4 cxd4 4.Nxd4 Nc6 5.Nc3 Qc7 6.Be3 a6 7.Qf3 d6 8.Be2 
Bd7 9.O-O Nf6 10.Qg3 g6 11.Rad1 Bg7 12.Qh4 h6 13.f3 g5 14.Qf2 Ne5 15.Nb3 
b5 16.a3 Rb8 17.Kh1 Bc6 18.Nd4 Nh5 19.Rfe1 Nf4 20.Bf1 Nfg6 21.Nde2 O-O 22.
Ng3 f5 23.exf5 exf5 24.Nh5 f4 25.Ba7 Rb7 26.Nxg7 Kxg7 27.Bd4 Nh4 28.Ne4 
Bxe4 29.Rxe4 Nf5 30.Bc3 Kg6 31.Bd3 Nxd3 32.Rxd3 Rf7 33.Rd5 Ne3 34.Re6+ Kh7
35.Rdxd6 Nf5 36.Rd5 Qc4 37.Rde5 Rbd7 38.Re1 Ne3 39.Re8 Qd5 40.Rh8+ Kg6 41.
Rg8+ Kh7 42.Rh8+ Kg6 43.Rg8+ 1/2-1/2

[Event "21st Hoogeveen op"]
[Site "Hoogeveen NED"]
[Date "2017.10.26"]
[Round "7.26"]
[White "Vroombout, Enrico"]
[Black "Bekedam, Tyro"]
[Result "1/2-1/2"]
[WhiteElo "2133"]
[BlackElo "2037"]
[EventDate "2017.10.21"]
[PlyCount "45"]

1.d4 Nf6 2.c4 e6 3.Nc3 Bb4 4.a3 Bxc3+ 5.bxc3 c5 6.e3 O-O 7.Bd3 Nc6 8.Ne2 
b6 9.e4 Ne8 10.e5 Ba6 11.f4 d6 12.O-O f5 13.exf6 Nxf6 14.d5 exd5 15.cxd5 
Bxd3 16.Qxd3 Ne7 17.c4 b5 18.Bd2 bxc4 19.Qxc4 Qe8 20.Nc3 Qf7 21.Rad1 Nexd5
22.Nxd5 Qxd5 23.Qxd5+ 1/2-1/2

[Event "21st Hoogeveen op"]
[Site "Hoogeveen NED"]
[Date "2017.10.26"]
[Round "7.27"]
[White "Boer, Bas De"]
[Black "Aan, Sikka"]
[Result "1-0"]
[WhiteElo "2120"]
[BlackElo "1918"]
[EventDate "2017.10.21"]
[PlyCount "61"]

1.d4 d5 2.c4 e6 3.Nf3 c6 4.Qc2 Bd6 5.Nc3 f5 6.Bg5 Nf6 7.e3 O-O 8.Bd3 h6 9.
Bf4 Ne4 10.O-O Be7 11.Ne2 g5 12.Bxb8 Rxb8 13.Ne5 Bd6 14.cxd5 cxd5 15.f3 
Nf6 16.Nc3 Nd7 17.f4 a6 18.g4 gxf4 19.exf4 Bxe5 20.fxe5 Qg5 21.Kh1 fxg4 
22.Ne2 Qe7 23.Nf4 Rf7 24.Ng6 Qe8 25.Rxf7 Qxf7 26.Rf1 Qe8 27.Qd2 Kg7 28.Qf4
h5 29.Qg5 Nb6 30.Nf8+ Kh8 31.Qh6+ 1-0

[Event "21st Hoogeveen op"]
[Site "Hoogeveen NED"]
[Date "2017.10.26"]
[Round "7.28"]
[White "Henseler, Jorgen"]
[Black "Molenaar, Christiaan"]
[Result "1/2-1/2"]
[WhiteElo "2026"]
[BlackElo "2112"]
[EventDate "2017.10.21"]
[PlyCount "48"]

1.e4 Nf6 2.e5 Nd5 3.d4 d6 4.Nf3 dxe5 5.Nxe5 c6 6.Nd2 Nd7 7.Ndf3 Nxe5 8.
Nxe5 Bf5 9.c3 e6 10.Bd3 Bxd3 11.Qxd3 Qc7 12.O-O Bd6 13.Re1 O-O-O 14.a4 g5 
15.Bd2 h5 16.b4 Nxb4 17.Qb1 Nd5 18.Bxg5 f6 19.c4 fxg5 20.cxd5 exd5 21.Qf5+
Kb8 22.Qxg5 h4 23.h3 Rdg8 24.Qf5 Rg7 1/2-1/2

[Event "21st Hoogeveen op"]
[Site "Hoogeveen NED"]
[Date "2017.10.26"]
[Round "7.29"]
[White "Nicolai, Amir"]
[Black "Schulze, Lara"]
[Result "1-0"]
[WhiteElo "2019"]
[BlackElo "2091"]
[EventDate "2017.10.21"]
[PlyCount "75"]

1.d4 Nf6 2.Nf3 e6 3.g3 c5 4.Bg2 d5 5.O-O Nc6 6.c4 Be7 7.Nc3 dxc4 8.dxc5 
O-O 9.Qa4 Qa5 10.Qxc4 Qxc5 11.Qxc5 Bxc5 12.Bf4 Nh5 13.Bc7 f5 14.Ne5 Nxe5 
15.Bxe5 Nf6 16.Rad1 Ng4 17.Bc7 Rf7 18.Bd6 Bxd6 19.Rxd6 Bd7 20.Rfd1 Nf6 21.
Bxb7 Rb8 22.Ba6 Rxb2 23.Bc4 Rb6 24.Rxb6 axb6 25.Rxd7 Nxd7 26.Bxe6 Nc5 27.
Bxf7+ Kxf7 28.Kg2 Ke6 29.Kf3 Ke5 30.Ke3 Ne6 31.Kd3 Kd6 32.Kc4 Kc6 33.Nb5 
g6 34.Nd4+ Nxd4 35.Kxd4 Kb5 36.f3 Ka4 37.e4 fxe4 38.fxe4 1-0

[Event "21st Hoogeveen op"]
[Site "Hoogeveen NED"]
[Date "2017.10.26"]
[Round "7.31"]
[White "Stanetzek, Carsten"]
[Black "Kouwenhoven, Derk"]
[Result "0-1"]
[WhiteElo "2211"]
[BlackElo "2028"]
[EventDate "2017.10.21"]
[PlyCount "48"]

1.e4 e5 2.Nf3 Nc6 3.Bc4 Bc5 4.O-O d6 5.c3 Nf6 6.d4 Bb6 7.Bb5 Bd7 8.Re1 O-O
9.Bg5 h6 10.Bh4 exd4 11.Nxd4 g5 12.Bg3 Re8 13.Nxc6 Bxc6 14.Bxc6 bxc6 15.
Nd2 Re6 16.h4 Qe7 17.hxg5 hxg5 18.Qf3 Re8 19.Qf5 Nh5 20.Bh2 Ng7 21.Qh3 f5 
22.e5 dxe5 23.Rad1 e4 24.Nc4 g4 0-1

[Event "21st Hoogeveen op"]
[Site "Hoogeveen NED"]
[Date "2017.10.26"]
[Round "7.32"]
[White "Den Dunnen, Lola"]
[Black "Van der Veen, Jan"]
[Result "0-1"]
[WhiteElo "1862"]
[BlackElo "2058"]
[EventDate "2017.10.21"]
[PlyCount "94"]

1.d4 Nf6 2.c4 d6 3.Nc3 e5 4.d5 Be7 5.e4 O-O 6.h3 Ne8 7.Nf3 f5 8.exf5 Bxf5 
9.Bd3 Nd7 10.Be3 Bxd3 11.Qxd3 h6 12.Ne4 Nef6 13.Ng3 Qe8 14.Nh4 e4 15.Nxe4 
Nxe4 16.Qxe4 Nc5 17.Qg4 h5 18.Qd4 Bf6 19.Qd2 Bxh4 20.O-O-O Bf6 21.g4 hxg4 
22.hxg4 Qe4 23.f3 Qxf3 24.Rdf1 Qxg4 25.Rf4 Qg6 26.Bxc5 dxc5 27.Qh2 Qh6 28.
Qxh6 gxh6 29.Rg4+ Kh7 30.Kc2 Rg8 31.Rf4 Rg2+ 32.Kd3 Rg3+ 33.Kc2 Bd4 34.
Rf7+ Rg7 35.Rf3 Rag8 36.b3 Rg2+ 37.Kd3 b6 38.Rf7+ R8g7 39.Rhf1 Rg3+ 40.Kc2
Rxf7 41.Rxf7+ Rg7 42.Rf8 h5 43.a3 a5 44.Rd8 Be5 45.Re8 Bd6 46.Re4 Rg4 47.
Re2 h4 0-1

[Event "21st Hoogeveen op"]
[Site "Hoogeveen NED"]
[Date "2017.10.26"]
[Round "7.33"]
[White "French, Max"]
[Black "Elgersma, Onno"]
[Result "1/2-1/2"]
[WhiteElo "1991"]
[BlackElo "1884"]
[EventDate "2017.10.21"]
[PlyCount "66"]

1.d4 Nf6 2.c4 e6 3.Nf3 Bb4+ 4.Bd2 Qe7 5.g3 Nc6 6.Nc3 Bxc3 7.Bxc3 Ne4 8.Rc1
O-O 9.Bg2 d6 10.O-O Nxc3 11.Rxc3 e5 12.d5 Nb8 13.e4 Bg4 14.Qc2 Bxf3 15.
Bxf3 c5 16.Bg4 g6 17.f4 Kg7 18.Rcf3 Na6 19.a3 Rab8 20.h4 exf4 21.Rxf4 Qe5 
22.Qf2 f6 23.Bd7 Qe7 24.Ba4 Qe5 25.g4 Rf7 26.g5 Rbf8 27.Bd1 f5 28.Bg4 Qxf4
29.Qxf4 fxg4 30.Qxd6 Rxf1+ 31.Kg2 R1f2+ 32.Kg1 Rf1+ 33.Kg2 R1f2+ 1/2-1/2

[Event "21st Hoogeveen op"]
[Site "Hoogeveen NED"]
[Date "2017.10.26"]
[Round "7.34"]
[White "Engel, Robert"]
[Black "Mellema, Andries"]
[Result "1-0"]
[WhiteElo "1973"]
[BlackElo "2164"]
[EventDate "2017.10.21"]
[PlyCount "101"]

1.c4 Nf6 2.Nc3 c5 3.Nf3 Nc6 4.e3 g6 5.d4 cxd4 6.exd4 d5 7.cxd5 Nxd5 8.Qb3 
Nxc3 9.Bc4 Nd5 10.Bxd5 e6 11.Bxc6+ bxc6 12.O-O Bg7 13.Be3 O-O 14.Rfc1 Qd6 
15.Qa4 Bd7 16.Rc5 Rfb8 17.Qc2 Rb5 18.Rd1 Qb8 19.b3 Be8 20.Ne5 Rxc5 21.Qxc5
Bf8 22.Qc1 f6 23.Ng4 Be7 24.Bf4 Qd8 25.h4 Qd5 26.Ne3 Qh5 27.Bg3 Rc8 28.Qc4
Kf7 29.b4 Rd8 30.a4 Rd7 31.Re1 Rb7 32.Qa2 Rxb4 33.Nc2 Qd5 34.Nxb4 Bxb4 35.
Qxd5 exd5 36.Rb1 a5 37.f3 c5 38.Bd6 c4 39.Bxb4 axb4 40.Rxb4 c3 41.Rb7+ Ke6
42.Rc7 Bxa4 43.Rxc3 h5 44.Ra3 Bb5 45.Kf2 Kf5 46.Ra1 g5 47.hxg5 fxg5 48.Re1
Bc4 49.Re5+ Kg6 50.Kg3 Bb3 51.f4 1-0

[Event "21st Hoogeveen op"]
[Site "Hoogeveen NED"]
[Date "2017.10.26"]
[Round "7.35"]
[White "Kutchoukov, Daniel"]
[Black "Pham, Khoi"]
[Result "0-1"]
[WhiteElo "1913"]
[BlackElo "1859"]
[EventDate "2017.10.21"]
[PlyCount "60"]

1.e4 g6 2.Nc3 Bg7 3.f4 d6 4.Bc4 a6 5.a4 b6 6.d3 Bb7 7.Nf3 h6 8.O-O Nd7 9.
Qe2 c6 10.Ba2 b5 11.Bd2 b4 12.Nd1 e5 13.fxe5 dxe5 14.Bxf7+ Kxf7 15.Nxe5+ 
Ke8 16.Nxg6 Rh7 17.Qg4 Ne7 18.Ne3 Nf6 19.Rxf6 Bxf6 20.Qe6 Rf7 21.Rf1 Bc8 
22.Qc4 Nxg6 23.Qxc6+ Bd7 24.Qd6 Qe7 25.Qd5 Rc8 26.Qh5 Nf8 27.Nd5 Bd4+ 28.
Kh1 Qe6 29.Bxb4 Qg6 30.Rxf7 Qxf7 0-1

[Event "21st Hoogeveen op"]
[Site "Hoogeveen NED"]
[Date "2017.10.26"]
[Round "7.36"]
[White "Kotyk, Michael"]
[Black "Fehr, Axel"]
[Result "1/2-1/2"]
[WhiteElo "1921"]
[BlackElo "2081"]
[EventDate "2017.10.21"]
[PlyCount "188"]

1.d4 Nf6 2.c4 g6 3.Nc3 Bg7 4.e4 d6 5.Be2 O-O 6.Be3 Na6 7.h4 e5 8.d5 Nc5 9.
f3 Nh5 10.g4 Nf4 11.Bf2 f5 12.Rh2 fxg4 13.fxg4 a5 14.Qd2 Bd7 15.O-O-O Qc8 
16.h5 Bh6 17.Be3 g5 18.Nh3 Kh8 19.Nxf4 gxf4 20.Bf2 Bg5 21.h6 Qd8 22.Bf3 
Rg8 23.Kb1 Rg6 24.Rdh1 Qc8 25.Qd1 Qf8 26.Rh5 Rg8 27.Qg1 Be8 28.R5h3 Nd3 
29.Bh4 Bxh4 30.Rxh4 Rg5 31.Qf1 Nc5 32.Qe1 Qe7 33.Ne2 Bd7 34.Ng1 b6 35.Nh3 
Rg6 36.Nf2 Rg5 37.b3 Be8 38.Nh3 Rg8 39.g5 Bg6 40.Rg1 Rgb8 41.Qe2 Rf8 42.
Qc2 Rfb8 43.a4 Rf8 44.Nf2 Rf7 45.Ka2 Qd7 46.Ka3 Qe7 47.Qe2 Raf8 48.Qf1 Rg8
49.Ka2 Qd8 50.Rgg4 Rgf8 51.Qh1 Qd7 52.Ka3 Qe7 53.Rg1 Rg8 54.Nh3 Rgf8 55.
Qg2 Rg8 56.Qe2 Rgf8 57.Nf2 Qd8 58.Nd1 Qe7 59.Nc3 Qd8 60.Kb2 Qe7 61.Nb5 Qd7
62.Na3 Qe7 63.Nc2 Qd7 64.Ka3 Qe7 65.Ne1 Qd8 66.Rhg4 Qe7 67.Ng2 Bh5 68.Rh4 
Bxf3 69.Qxf3 Qxg5 70.Rg4 Qxh6 71.Nh4 Qf6 72.Ng6+ hxg6 73.Rxg6 Qxg6 74.Rxg6
Rh7 75.Rg5 Rh4 76.b4 axb4+ 77.Kxb4 Rg8 78.Rh5+ Rxh5 79.Qxh5+ Kg7 80.Qg5+ 
Kh7 81.Qf5+ Kh6 82.Kb5 Rg7 83.Kc6 Nxa4 84.Kb7 Nc5+ 85.Kc8 Rh7 86.Kd8 Rg7 
87.Ke8 Rg8+ 88.Kf7 Rg7+ 89.Kf8 Nd7+ 90.Ke8 Nc5 91.Qf6+ Kh7 92.Qf5+ Kg8 93.
Qf8+ Kh7 94.Qf6 Kg8 1/2-1/2

[Event "21st Hoogeveen op"]
[Site "Hoogeveen NED"]
[Date "2017.10.26"]
[Round "7.37"]
[White "Duson, Robin"]
[Black "Lindeman, Johan W"]
[Result "1/2-1/2"]
[WhiteElo "1890"]
[BlackElo "2004"]
[EventDate "2017.10.21"]
[PlyCount "143"]

1.e4 Nc6 2.Nf3 d6 3.d4 Nf6 4.Nc3 g6 5.h3 Bg7 6.d5 Nb8 7.Be3 O-O 8.Be2 e6 
9.O-O exd5 10.exd5 Re8 11.Qd2 Ne4 12.Nxe4 Rxe4 13.Bd3 Re8 14.Bg5 f6 15.Bh6
Nd7 16.Bxg7 Kxg7 17.Nd4 Ne5 18.f4 Nxd3 19.Qxd3 c5 20.dxc6 bxc6 21.c4 Ba6 
22.Rf2 Qd7 23.f5 g5 24.Ne6+ Kf7 25.Rd1 d5 26.Nc5 Qc8 27.Nxa6 Qxa6 28.cxd5 
Re1+ 29.Kh2 Qxd3 30.Rxd3 cxd5 31.Rxd5 h5 32.Rc2 Rae8 33.Rd7+ R8e7 34.Rcc7 
Rxd7 35.Rxd7+ Ke8 36.Rxa7 Re5 37.a4 Rxf5 38.b4 Kd8 39.b5 Kc8 40.b6 h4 41.
a5 Rb5 42.Kg1 Rb2 43.Rc7+ Kb8 44.Rc5 Ra2 45.Kf1 Kb7 46.Ke1 Kb8 47.Rd5 Kb7 
48.Kd1 Kc6 49.Rf5 Kb7 50.Kc1 Ka6 51.Kb1 Ra3 52.Kb2 Ra4 53.Kb3 Ra1 54.Kb4 
Rb1+ 55.Kc4 Rc1+ 56.Kd3 Ra1 57.Ke3 Ra3+ 58.Kd4 Ra4+ 59.Kc3 Ra3+ 60.Kb4 Ra1
61.Rxf6 Rb1+ 62.Kc5 Kxa5 63.Rc6 Ka6 64.Kd5 Rb2 65.Ke4 Rxg2 66.Rg6 Rg3 67.
Kf5 Rxh3 68.Rxg5 Rh1 69.Rh5 Kxb6 70.Kg4 h3 71.Rxh3 Rxh3 72.Kxh3 1/2-1/2

[Event "21st Hoogeveen op"]
[Site "Hoogeveen NED"]
[Date "2017.10.27"]
[Round "8.1"]
[White "Tania, Sachdev"]
[Black "Kuljasevic, Davorin"]
[Result "1/2-1/2"]
[WhiteElo "2386"]
[BlackElo "2549"]
[EventDate "2017.10.21"]
[PlyCount "107"]

1.d4 Nf6 2.c4 e6 3.Nf3 d5 4.Nc3 a6 5.Bg5 dxc4 6.e4 b5 7.e5 h6 8.Bh4 g5 9.
Nxg5 hxg5 10.Bxg5 Nbd7 11.exf6 Bb7 12.d5 Bh6 13.Bxh6 Rxh6 14.dxe6 fxe6 15.
f7+ Kxf7 16.Qd2 Rh8 17.O-O-O Nf6 18.Qf4 Qe7 19.f3 Rhg8 20.g3 Rad8 21.Be2 
e5 22.Qe3 c5 23.Rxd8 Rxd8 24.Re1 Rd4 25.Bf1 Qd6 26.Qxe5 Bxf3 27.Qxd6 Rxd6 
28.Re5 Ng4 29.Rf5+ Rf6 30.Rxf6+ Kxf6 31.h3 Ne3 32.Be2 Bg2 33.Kd2 Nf5 34.g4
Nh4 35.a4 b4 36.Nd1 Bxh3 37.Nf2 Bg2 38.Bxc4 a5 39.Ke3 Bc6 40.Ne4+ Ke5 41.
Nxc5 Ng2+ 42.Kf2 Nf4 43.Nb3 Bxa4 44.Nxa5 Kd4 45.Kg3 Ng6 46.g5 Bc2 47.Be6 
Ne5 48.Nb3+ Ke3 49.Nc5 Bg6 50.Na6 Nf3 51.Kg4 Ne5+ 52.Kg3 Nf3 53.Kg4 Ne5+ 
54.Kg3 1/2-1/2

[Event "21st Hoogeveen op"]
[Site "Hoogeveen NED"]
[Date "2017.10.27"]
[Round "8.2"]
[White "Xu Xiangyu"]
[Black "Ernst, Sipke"]
[Result "1/2-1/2"]
[WhiteElo "2549"]
[BlackElo "2548"]
[EventDate "2017.10.21"]
[PlyCount "33"]

1.d4 Nf6 2.c4 e6 3.Nc3 d5 4.cxd5 exd5 5.Bg5 Be7 6.e3 O-O 7.Bd3 Nbd7 8.Nf3 
Re8 9.h3 a6 10.Qc2 h6 11.Bh4 c5 12.dxc5 Nxc5 13.O-O Be6 14.Rfd1 Rc8 15.Qe2
Qa5 16.Nd4 Nfe4 17.Bxe4 1/2-1/2

[Event "21st Hoogeveen op"]
[Site "Hoogeveen NED"]
[Date "2017.10.27"]
[Round "8.3"]
[White "Kuipers, Stefan"]
[Black "Colijn, Stefan"]
[Result "1-0"]
[WhiteElo "2411"]
[BlackElo "2308"]
[EventDate "2017.10.21"]
[PlyCount "85"]

1.e4 d5 2.exd5 Qxd5 3.Nc3 Qd8 4.d4 Nf6 5.Bc4 e6 6.Nf3 Be7 7.O-O O-O 8.Ne5 
Nbd7 9.Be3 c5 10.Qe2 cxd4 11.Bxd4 a6 12.Rad1 Qe8 13.a4 Nxe5 14.Qxe5 Qc6 
15.Be2 Bd6 16.Qe3 Qc7 17.Bxf6 gxf6 18.Rxd6 Qxd6 19.Ne4 Qe5 20.Qh6 Qxe4 21.
Bd3 Qg6 22.Bxg6 fxg6 23.Rd1 e5 24.Qe3 Bf5 25.Qb6 Rf7 26.c3 Kg7 27.Rd6 Rc8 
28.f3 h5 29.Qb4 Rfc7 30.Rb6 Rd8 31.Rxb7 Rxb7 32.Qxb7+ Rd7 33.Qxa6 Rd1+ 34.
Kf2 Rd2+ 35.Ke3 Rxg2 36.Qb7+ Kh6 37.a5 Bc2 38.Qf7 Rxh2 39.a6 Bd1 40.a7 
Re2+ 41.Kd3 Rxb2 42.a8=Q Bc2+ 43.Ke3 1-0

[Event "21st Hoogeveen op"]
[Site "Hoogeveen NED"]
[Date "2017.10.27"]
[Round "8.4"]
[White "Schippers, Maurice"]
[Black "Engel, Luis"]
[Result "0-1"]
[WhiteElo "2289"]
[BlackElo "2344"]
[EventDate "2017.10.21"]
[PlyCount "132"]

1.e4 c5 2.Nf3 d6 3.d4 cxd4 4.Nxd4 Nf6 5.Nc3 a6 6.Be3 e5 7.Nb3 Be6 8.Qd2 
Nbd7 9.O-O-O b5 10.f4 Be7 11.f5 Bc4 12.g4 Nxg4 13.Rg1 Nxe3 14.Qxe3 Bxf1 
15.Rdxf1 h6 16.Kb1 Bg5 17.Qg3 Nb6 18.Rd1 O-O 19.h4 Bf6 20.Na5 Qc7 21.Qg2 
Kh7 22.Rd3 Rac8 23.Nb3 b4 24.Nd5 Nxd5 25.Rxd5 Ra8 26.Nc1 a5 27.Rd3 a4 28.
Qd2 Qc4 29.Qg2 Ra6 30.c3 d5 31.exd5 e4 32.Rg3 Rg8 33.Qe2 Qc8 34.cxb4 a3 
35.bxa3 Qa8 36.Qxe4 Rxa3 37.Rb3 Rxb3+ 38.Nxb3 Re8 39.Qc2 Qxd5 40.Rd1 Qb5 
41.Qc5 Qe2 42.Qc2 Qg4 43.a3 Qxh4 44.Ka2 h5 45.b5 Ra8 46.Qc6 Qa4 47.Qc5 Qe4
48.Rd7 Ra4 49.Nd2 Qe1 50.Nb3 Rf4 51.Rd2 Rf1 52.Qc2 Qe3 53.Re2 Qf3 54.a4 
Qd5 55.Ka3 h4 56.b6 Qd6+ 57.Qc5 Qd3 58.Re3 Qd7 59.Qc7 Qxf5 60.b7 Qf2 61.
Rd3 Qe2 62.b8=Q Qxd3 63.Qb5 Qf3 64.Qc2+ g6 65.Qce2 Ra1+ 66.Kb4 Qc3# 0-1